[Event "Schachfestival 2024-Senioren"]
[White "Rothenhagen Siegfried"]
[Black "Beitz Joanne"]
[Site "Bad Woerishofen "]
[Round "2.70"]
[Annotator "wempe"]
[Result "1-0"]
[Date "2024.03.10"]
[WhiteElo "1836"]
[BlackElo "1540"]
[PlyCount "55"]
[GameId "2118793979371738"]
[EventDate "2024.03.09"]
[WhiteTeam "Sportfr.Windach e.V.1923"]
[BlackTeam "SV 1922 Hilden"]

1. d4 f5 2. e4 fxe4 3. Nc3 d5 4. Qh5+ g6 5. Qxd5 Qxd5 6. Nxd5 c6 7. Nc7+ Kd7 8. Nxa8 Bg7 9. c3 Nf6 10. Bf4 Na6 11. Bxa6 bxa6 12. O-O-O Nd5 13. Be5 Bxe5 14. dxe5 Bb7 15. c4 Rxa8 16. cxd5 cxd5 17. Ne2 Rc8+ 18. Kb1 e6 19. Rc1 Rf8 20. Rhf1 Rf5 21. f4 exf3 22. Rxf3 Rxe5 23. Nd4 Re4 24. Nb3 Kd8 25. Nc5 d4 26. Nxb7+ Ke7 27. Rc7+ Ke8 28. Nd6+ 1-0

[Event "ChessOrg Schachfestival 2024 Bad Wörishofen"]
[White "Heller, Achim"]
[Black "Pirrot, Dieter"]
[Site "Bad Woerishofen"]
[Round "3.1"]
[Annotator "wempe"]
[Result "1/2-1/2"]
[Date "2024.??.??"]
[WhiteElo "2040"]
[BlackElo "2313"]
[PlyCount "68"]
[GameId "2118793979371741"]
[EventDate "2024.03.10"]

1. d4 e6 2. c4 f5 3. Nf3 Nf6 4. e3 b6 5. Be2 Bb7 6. O-O Be7 7. Nc3 O-O 8. b3 Ne4 9. Bb2 Bf6 10. b4 c5 11. bxc5 bxc5 12. Na4 Na6 13. Rb1 Rb8 14. Ba1 d6 15. a3 Bc6 16. Rxb8 Nxb8 17. Nc3 Qa5 18. Qc1 Nd7 19. Nxe4 fxe4 20. Nd2 cxd4 21. Nb3 Qa4 22. Nxd4 Nc5 23. Nxc6 Qxc6 24. Bxf6 Rxf6 25. Qb1 Rf8 26. Rd1 Qc7 27. Qb2 Qf7 28. Bf1 Rd8 29. Qb4 Qf6 30. h3 h6 31. Qb1 Qc3 32. Qb4 Qf6 33. Qb1 Qc3 34. Qb4 Qf6 1/2-1/2

[Event "ChessOrg Schachfestival 2024 Bad Wörishofen"]
[White "Baum, Bernd"]
[Black "Higatsberger, Michael"]
[Site "Bad Woerishofen"]
[Round "3.2"]
[Annotator "wempe"]
[Result "1/2-1/2"]
[Date "2024.??.??"]
[WhiteElo "2201"]
[BlackElo "2037"]
[PlyCount "66"]
[GameId "2118793979371742"]
[EventDate "2024.03.10"]

1. c4 e6 2. g3 d5 3. Nf3 Nf6 4. Bg2 c5 5. cxd5 exd5 6. d4 Nc6 7. O-O Be7 8. dxc5 Bxc5 9. a3 Ne4 10. Nfd2 O-O 11. Nxe4 dxe4 12. Qxd8 Rxd8 13. Nc3 f5 14. Bg5 Be7 15. Bxe7 Nxe7 16. f3 exf3 17. Bxf3 Be6 18. Rac1 Rac8 19. b4 b6 20. Nb5 Rxc1 21. Rxc1 Rd7 22. Kf2 Kf7 23. Nc7 g6 24. Rc3 Kf6 25. Nb5 Bd5 26. Bxd5 Nxd5 27. Rc8 a6 28. Nc3 Nxc3 29. Rxc3 Ke6 30. Ke3 h6 31. Rc8 Rd6 32. Rh8 h5 33. Ra8 b5 1/2-1/2

[Event "ChessOrg Schachfestival 2024 Bad Wörishofen"]
[White "Toenniges, Thomas"]
[Black "Schatz, Christian"]
[Site "Bad Woerishofen"]
[Round "3.3"]
[Annotator "wempe"]
[Result "1/2-1/2"]
[Date "2024.??.??"]
[WhiteElo "2027"]
[BlackElo "2182"]
[PlyCount "65"]
[GameId "2118793979371743"]
[EventDate "2024.03.10"]

1. e4 Nf6 2. e5 Nd5 3. d4 d6 4. Nf3 Bg4 5. Be2 e6 6. c4 Nb6 7. O-O Be7 8. Nc3 O-O 9. exd6 cxd6 10. Be3 d5 11. b3 Nc6 12. Ne5 Bxe2 13. Nxc6 Bxd1 14. Nxd8 Rfxd8 15. c5 Bh5 16. cxb6 axb6 17. f3 Bg6 18. Rfd1 Ba3 19. Bc1 Kf8 20. Nb5 Be7 21. Bf4 Ra5 22. Nc3 Rc8 23. Na4 b5 24. Nc5 Bxc5 25. dxc5 Ke8 26. b4 Ra4 27. a3 Rca8 28. Be5 Rxa3 29. Rxa3 Rxa3 30. Bxg7 Rb3 31. Ra1 Rb1+ 32. Rxb1 Bxb1 33. Bf6 1/2-1/2

[Event "ChessOrg Schachfestival 2024 Bad Wörishofen"]
[White "Okrajek, Alexander"]
[Black "Rick, Uwe"]
[Site "Bad Woerishofen"]
[Round "3.5"]
[Annotator "wempe"]
[Result "1-0"]
[Date "2024.??.??"]
[WhiteElo "2128"]
[BlackElo "2021"]
[PlyCount "83"]
[GameId "2118793979371745"]
[EventDate "2024.03.10"]

1. Nf3 d5 2. c4 c6 3. e3 Nf6 4. b3 Bg4 5. Be2 e6 6. Bb2 Nbd7 7. O-O Be7 8. d3 O-O 9. Nbd2 a5 10. a3 h6 11. Nd4 Bxe2 12. Qxe2 Re8 13. cxd5 exd5 14. N2f3 Bf8 15. Qd2 Qb6 16. Bc3 a4 17. b4 Qd8 18. h3 Bd6 19. Nf5 Ne5 20. Nxe5 Bxe5 21. Bxe5 Rxe5 22. Nd4 Nd7 23. Rfc1 Qf6 24. Nf3 Re7 25. Rab1 Rae8 26. Qc2 Qg6 27. d4 Qh5 28. b5 cxb5 29. Rxb5 Nf6 30. Rcb1 Ne4 31. Rxb7 Rxb7 32. Rxb7 Ng5 33. Nxg5 hxg5 34. Qf5 Rf8 35. Qxd5 Qe2 36. Qf5 g6 37. Qb1 Kg7 38. Qb2 Qe1+ 39. Kh2 Rc8 40. d5+ Kg8 41. d6 Qd1 42. Qf6 1-0

[Event "ChessOrg Schachfestival 2024 Bad Wörishofen"]
[White "Weinwurm, Wolfgang"]
[Black "Rauch, Uwe"]
[Site "Bad Woerishofen"]
[Round "3.6"]
[Annotator "wempe"]
[Result "0-1"]
[Date "2024.??.??"]
[WhiteElo "2016"]
[BlackElo "2083"]
[PlyCount "56"]
[GameId "2118793979371746"]
[EventDate "2024.03.10"]

1. e4 c5 2. Nf3 Nc6 3. d4 cxd4 4. Nxd4 g6 5. c4 Bg7 6. Be3 Nf6 7. Nc3 O-O 8. Be2 d6 9. O-O Bd7 10. h3 Rc8 11. Rc1 a6 12. Qd2 b5 13. cxb5 Nxd4 14. Bxd4 axb5 15. Bxf6 Bxf6 16. Nxb5 Qb6 17. a4 Qb7 18. f3 Qb6+ 19. Kh1 Rxc1 20. Qxc1 Qa5 21. b3 Rc8 22. Qe1 Qb6 23. Bc4 Qc5 24. Qe2 Be6 25. Rc1 Qg5 26. Rc2 Be5 27. Kg1 Bg3 28. Bxe6 Rxc2 0-1

[Event "ChessOrg Schachfestival 2024 Bad Wörishofen"]
[White "Kretschel, Klaus"]
[Black "Tscharotschkin, Michael"]
[Site "Bad Woerishofen"]
[Round "3.7"]
[Annotator "wempe"]
[Result "1/2-1/2"]
[Date "2024.??.??"]
[WhiteElo "2004"]
[BlackElo "2062"]
[PlyCount "87"]
[GameId "2118793979371747"]
[EventDate "2024.03.10"]

1. e4 e6 2. d4 d5 3. Nd2 dxe4 4. Nxe4 Nd7 5. Nf3 Ngf6 6. Bg5 Be7 7. Nxf6+ Bxf6 8. Bxf6 Qxf6 9. Bd3 O-O 10. O-O e5 11. dxe5 Nxe5 12. Nxe5 Qxe5 13. c3 Be6 14. Re1 Qf6 15. Qc2 g6 16. Be4 c6 17. Rad1 Rfd8 18. a3 Rxd1 19. Rxd1 Rd8 20. Rxd8+ Qxd8 21. g3 Qg5 22. h4 Qe5 23. Qd3 Kg7 24. f4 Qc5+ 25. Qd4+ Qxd4+ 26. cxd4 f5 27. Bd3 Kf6 28. Kf2 Ke7 29. Ke3 Kd6 30. b4 h5 31. Be2 Bd5 32. Kd3 Be4+ 33. Kc3 b5 34. Bd1 Bg2 35. Bb3 Bd5 36. Bd1 Ba2 37. Kb2 Bc4 38. Kc3 Bd5 39. a4 bxa4 40. Bxa4 Bf7 41. Bd1 Bd5 42. Be2 Kc7 43. Bd3 Kb6 44. Be2 1/2-1/2

[Event "ChessOrg Schachfestival 2024 Bad Wörishofen"]
[White "Mueller, Erich"]
[Black "Matzat, Andre"]
[Site "Bad Woerishofen"]
[Round "3.8"]
[Annotator "wempe"]
[Result "1/2-1/2"]
[Date "2024.??.??"]
[WhiteElo "2004"]
[BlackElo "2060"]
[PlyCount "41"]
[GameId "2118793979371748"]
[EventDate "2024.03.10"]

1. f4 Nf6 2. b3 g6 3. Bb2 Bg7 4. Nf3 O-O 5. e3 c5 6. Be2 Nc6 7. O-O d6 8. Ne1 e5 9. fxe5 Nxe5 10. Nf3 Nfg4 11. Nxe5 Nxe5 12. Nc3 Bd7 13. Qe1 Rb8 14. a4 a6 15. Qg3 b5 16. Kh1 bxa4 17. Nxa4 c4 18. Bd4 cxb3 19. cxb3 Rxb3 20. Bxa6 Be6 21. Nc3 1/2-1/2

[Event "ChessOrg Schachfestival 2024 Bad Wörishofen"]
[White "Kurpiela, Franz"]
[Black "Heck, Norbert"]
[Site "Bad Woerishofen"]
[Round "3.9"]
[Annotator "wempe"]
[Result "0-1"]
[Date "2024.??.??"]
[WhiteElo "1800"]
[BlackElo "2047"]
[PlyCount "70"]
[GameId "2118793979371749"]
[EventDate "2024.03.10"]

1. e4 c5 2. Nf3 a6 3. d4 cxd4 4. Nxd4 e5 5. Nf3 Nc6 6. Bc4 Be7 7. Qd5 Qa5+ 8. Qxa5 Nxa5 9. Nxe5 Bf6 10. Bxf7+ Ke7 11. Nc4 Kxf7 12. Nxa5 Ne7 13. Nc4 b5 14. Nd6+ Ke6 15. Nxc8 Rhxc8 16. c3 b4 17. Bd2 Rab8 18. O-O bxc3 19. Bxc3 Bxc3 20. bxc3 Rb2 21. Rc1 Ng6 22. g3 Ne5 23. f4 Nf3+ 24. Kf1 Nxh2+ 25. Ke1 Nf3+ 26. Kf1 Rc4 27. e5 Re4 28. Na3 Ree2 29. Rc2 Rbxc2 30. Nxc2 Rxc2 31. Rd1 Rd2 32. Ra1 Kf5 33. Rb1 Ke4 34. Rb7 Ke3 35. c4 Rf2# 0-1

[Event "ChessOrg Schachfestival 2024 Bad Wörishofen"]
[White "Luciani, Carlo"]
[Black "Stern, Geoffrey"]
[Site "Bad Woerishofen"]
[Round "3.10"]
[Annotator "wempe"]
[Result "1/2-1/2"]
[Date "2024.??.??"]
[WhiteElo "2162"]
[BlackElo "1950"]
[PlyCount "35"]
[GameId "2118793979371750"]
[EventDate "2024.03.10"]

1. e4 e6 2. d4 d5 3. Nd2 Nc6 4. Ngf3 Nf6 5. e5 Nd7 6. Be2 f6 7. exf6 Qxf6 8. Nf1 Bd6 9. Ne3 O-O 10. O-O Qg6 11. g3 Nf6 12. Nh4 Qe8 13. f4 Ne7 14. Nf3 e5 15. c3 b6 16. Bd3 Bd7 17. Re1 Qh5 18. Bd2 1/2-1/2

[Event "ChessOrg Schachfestival 2024 Bad Wörishofen"]
[White "Bhend, Edwin"]
[Black "Larem, Ewald"]
[Site "Bad Woerishofen"]
[Round "3.11"]
[Annotator "wempe"]
[Result "1/2-1/2"]
[Date "2024.??.??"]
[WhiteElo "2113"]
[BlackElo "1977"]
[PlyCount "81"]
[GameId "2118793979371751"]
[EventDate "2024.03.10"]

1. f4 d5 2. Nf3 g6 3. e3 Bg7 4. Be2 Nh6 5. d3 O-O 6. O-O b6 7. c3 Bb7 8. Na3 c5 9. Nc2 Nd7 10. d4 Nf6 11. Ng5 Nf5 12. Ne1 Nd6 13. Nd3 Nfe4 14. Nxe4 Nxe4 15. Qe1 Rc8 16. Nf2 Nd6 17. Ng4 f6 18. Bd3 Qd7 19. h3 Rce8 20. b3 Ne4 21. Ba3 Rc8 22. Rc1 h5 23. Nh2 Kh7 24. Nf3 Rfe8 25. dxc5 bxc5 26. Rd1 Qe6 27. Rc1 Qd7 28. Qh4 Kg8 29. Rfd1 Qe6 30. Qe1 Red8 31. Bf1 Kh7 32. Nd2 Nd6 33. Bd3 Bh6 34. Nf1 Nf5 35. Rc2 Kg7 36. Bc1 Nd6 37. Re2 Ne4 38. Ng3 Nxg3 39. Qxg3 f5 40. Rdd2 Kh8 41. Bb2 1/2-1/2

[Event "ChessOrg Schachfestival 2024 Bad Wörishofen"]
[White "Wegemund, Hubert"]
[Black "Kierzek, Matthias"]
[Site "Bad Woerishofen"]
[Round "3.12"]
[Annotator "wempe"]
[Result "1/2-1/2"]
[Date "2024.??.??"]
[WhiteElo "1963"]
[BlackElo "2112"]
[PlyCount "62"]
[GameId "2118793979371752"]
[EventDate "2024.03.10"]

1. e4 c6 2. d4 d5 3. Nc3 dxe4 4. Nxe4 Bf5 5. Ng3 Bg6 6. h4 h6 7. Bc4 e6 8. N1e2 Nf6 9. Nf4 Bh7 10. O-O Bd6 11. Re1 O-O 12. c3 c5 13. dxc5 Bxc5 14. Qf3 Nc6 15. Nfh5 Nxh5 16. Qxh5 Qb6 17. Qf3 a5 18. Nh5 Bg6 19. Nf4 Bh7 20. Nh5 Bg6 21. Nf4 Bf5 22. Re2 Rad8 23. Nd3 Bxd3 24. Bxd3 Bxf2+ 25. Kf1 Rxd3 26. Qxd3 Rd8 27. Qc2 Bxh4 28. Bf4 Qb5 29. g3 Qd5 30. Qe4 Qxe4 31. Rxe4 Bf6 1/2-1/2

[Event "ChessOrg Schachfestival 2024 Bad Wörishofen"]
[White "Rubke, Manfred"]
[Black "Diotallevi, Maurizio"]
[Site "Bad Woerishofen"]
[Round "3.13"]
[Annotator "wempe"]
[Result "1/2-1/2"]
[Date "2024.??.??"]
[WhiteElo "2109"]
[BlackElo "1959"]
[PlyCount "83"]
[GameId "2118793979371753"]
[EventDate "2024.03.10"]

1. c4 e6 2. f4 d5 3. e3 f5 4. Nf3 Nf6 5. cxd5 exd5 6. Nc3 c6 7. a3 Bd6 8. Qc2 O-O 9. Be2 Qe7 10. O-O Be6 11. d3 Nbd7 12. Bd2 g6 13. Rae1 Rae8 14. Nd1 Bf7 15. Nf2 Bc5 16. Bd1 Qd8 17. Kh1 Qb6 18. Ne5 Re7 19. b4 Bd6 20. d4 Be6 21. Rg1 Ne4 22. Ref1 Ndf6 23. Be1 Nxf2+ 24. Rxf2 Ne4 25. Rf3 Rg7 26. Rff1 Qc7 27. Bf3 Qe7 28. g4 Kh8 29. Bxe4 fxe4 30. Qg2 Kg8 31. Qh3 Bxe5 32. dxe5 Qd7 33. Qg2 Qe7 34. Qe2 h6 35. Rg3 Rff7 36. Rfg1 Kf8 37. Bc3 Ke8 38. Qb2 h5 39. gxh5 gxh5 40. Rxg7 Rxg7 41. Rxg7 Qxg7 42. Qg2 1/2-1/2

[Event "ChessOrg Schachfestival 2024 Bad Wörishofen"]
[White "Ernst, Michael"]
[Black "Wild, Helmut"]
[Site "Bad Woerishofen"]
[Round "3.14"]
[Annotator "wempe"]
[Result "1-0"]
[Date "2024.??.??"]
[WhiteElo "2100"]
[BlackElo "1953"]
[PlyCount "69"]
[GameId "2118793979371754"]
[EventDate "2024.03.10"]

1. d4 d5 2. c4 c6 3. cxd5 cxd5 4. Bf4 Nc6 5. e3 a6 6. Nc3 Nf6 7. Nf3 Bf5 8. Bd3 Bxd3 9. Qxd3 e6 10. O-O Bd6 11. Bxd6 Qxd6 12. Rac1 O-O 13. Na4 Nd7 14. a3 b6 15. Rc2 Rfc8 16. Rfc1 f6 17. h3 Rc7 18. Rc3 g6 19. g3 Kf7 20. h4 h5 21. Kg2 b5 22. Nc5 b4 23. R3c2 Ndb8 24. Ng1 e5 25. dxe5 Nxe5 26. Qb3 bxa3 27. bxa3 Nc4 28. Rxc4 dxc4 29. Qxc4+ Ke8 30. Qe4+ Kf7 31. Qxa8 Rc6 32. Qa7+ Nd7 33. Nb3 Qd5+ 34. Kh2 Ke6 35. Rxc6+ 1-0

[Event "ChessOrg Schachfestival 2024 Bad Wörishofen"]
[White "Gass, Ulrich"]
[Black "Jahn, Peter"]
[Site "Bad Woerishofen"]
[Round "3.15"]
[Annotator "wempe"]
[Result "1-0"]
[Date "2024.??.??"]
[WhiteElo "1941"]
[BlackElo "2064"]
[PlyCount "103"]
[GameId "2118793979371755"]
[EventDate "2024.03.10"]

1. e4 c6 2. d4 d5 3. Nc3 dxe4 4. Nxe4 Nf6 5. Nxf6+ exf6 6. Qd3 Bd6 7. Be3 O-O 8. Ne2 Re8 9. O-O-O b5 10. Kb1 Be6 11. Nf4 Bxf4 12. Bxf4 Nd7 13. Qg3 Nf8 14. h4 Kh8 15. Bd6 Qd7 16. h5 h6 17. Rh4 Rad8 18. Bc5 Qd5 19. Qa3 a5 20. b3 Nd7 21. Rc1 Ra8 22. Qb2 Nxc5 23. dxc5 Qxc5 24. Qd4 Qe7 25. Bd3 a4 26. b4 Rad8 27. Qc3 Bd5 28. g3 Qe5 29. Qxe5 fxe5 30. c4 Be6 31. Be4 Bxc4 32. Bxc6 Re6 33. Rhxc4 bxc4 34. Bxa4 Rd4 35. Kb2 Rb6 36. a3 Kg8 37. Bc2 Kf8 38. Kc3 Ke7 39. a4 Rg4 40. a5 Rb8 41. Rd1 Rd4 42. Rxd4 exd4+ 43. Kxc4 Kd6 44. Be4 Kc7 45. b5 Re8 46. Kxd4 Re6 47. Bd5 Rf6 48. f3 Kd6 49. g4 Rf4+ 50. Be4 f5 51. gxf5 Rh4 52. a6 1-0

[Event "ChessOrg Schachfestival 2024 Bad Wörishofen"]
[White "Neumann, Joachim"]
[Black "Harsch, Martin"]
[Site "Bad Woerishofen"]
[Round "3.16"]
[Annotator "wempe"]
[Result "1/2-1/2"]
[Date "2024.??.??"]
[WhiteElo "2062"]
[BlackElo "1942"]
[PlyCount "46"]
[GameId "2118793979371756"]
[EventDate "2024.03.10"]

1. Nf3 d5 2. g3 Nf6 3. Bg2 c6 4. c4 Bg4 5. d4 e6 6. O-O Bd6 7. Qb3 Qb6 8. c5 Qxb3 9. axb3 Bc7 10. Nc3 Nbd7 11. b4 O-O 12. Bf4 Bxf3 13. Bxc7 Bxg2 14. Kxg2 a6 15. f3 Ne8 16. Bf4 f5 17. b5 e5 18. bxc6 bxc6 19. Bxe5 Nxe5 20. dxe5 Nc7 21. Na4 Rfe8 22. Nb6 Rad8 23. f4 Kf7 1/2-1/2

[Event "ChessOrg Schachfestival 2024 Bad Wörishofen"]
[White "Bruchmann, Norbert"]
[Black "Van Amerongen-Jansen, Peggy"]
[Site "Bad Woerishofen"]
[Round "3.17"]
[Annotator "wempe"]
[Result "1/2-1/2"]
[Date "2024.??.??"]
[WhiteElo "2057"]
[BlackElo "1938"]
[PlyCount "70"]
[GameId "2118793979371757"]
[EventDate "2024.03.10"]

1. d4 d5 2. Nc3 Nf6 3. Bf4 c6 4. e3 Bf5 5. f3 e6 6. g4 Bg6 7. h4 h5 8. g5 Nfd7 9. Qd2 a5 10. Nh3 Qb6 11. O-O-O Bb4 12. a3 Bxc3 13. Qxc3 Na6 14. Bd6 Bf5 15. g6 Bxg6 16. Rg1 c5 17. Rxg6 cxd4 18. Qxd4 Qxd4 19. exd4 fxg6 20. Ng5 Rf8 21. Re1 O-O-O 22. Re3 Nb6 23. Bxf8 Rxf8 24. Bxa6 bxa6 25. Rxe6 Rf6 26. Re8+ Kd7 27. Rg8 Nc4 28. Rxg7+ Kc6 29. a4 Ne3 30. Nf7 Nf5 31. Ne5+ Kd6 32. Rxg6 Rxg6 33. Nxg6 Nxd4 34. Nf4 Nxf3 35. Nxh5 Nxh4 1/2-1/2

[Event "ChessOrg Schachfestival 2024 Bad Wörishofen"]
[White "Marshall, Michael"]
[Black "Walther, Reinhard"]
[Site "Bad Woerishofen"]
[Round "3.18"]
[Annotator "wempe"]
[Result "0-1"]
[Date "2024.??.??"]
[WhiteElo "1874"]
[BlackElo "1999"]
[PlyCount "74"]
[GameId "2118793979371758"]
[EventDate "2024.03.10"]

1. d4 d5 2. Bf4 c5 3. e3 Nc6 4. c3 Nf6 5. Nd2 Bf5 6. Ngf3 Qb6 7. Nh4 Be4 8. f3 Bg6 9. Nxg6 hxg6 10. Qc2 Nh5 11. Bg5 Ng3 12. Rg1 Nxf1 13. Nxf1 e6 14. Rc1 Rc8 15. Qb1 cxd4 16. exd4 Bd6 17. Rh1 Kd7 18. Be3 Ne7 19. Bf2 Qc7 20. Qd3 a6 21. a3 Nf5 22. g4 Nh4 23. Bg3 Ng2+ 24. Kf2 Nf4 25. Bxf4 Bxf4 26. Ng3 Rxh2+ 27. Rxh2 Bxg3+ 28. Ke2 Bxh2 29. Qc2 Bf4 30. Rh1 Ke7 31. Qd1 Qc4+ 32. Kf2 g5 33. Rh7 Kf6 34. Kg2 Rc6 35. Rh1 Rb6 36. Qc2 Qb3 37. Qxb3 Rxb3 0-1

[Event "ChessOrg Schachfestival 2024 Bad Wörishofen"]
[White "Schroeder, Klaus"]
[Black "Fiedler, Wolfgang"]
[Site "Bad Woerishofen"]
[Round "3.19"]
[Annotator "wempe"]
[Result "1/2-1/2"]
[Date "2024.??.??"]
[WhiteElo "1857"]
[BlackElo "1979"]
[PlyCount "72"]
[GameId "2118793979371759"]
[EventDate "2024.03.10"]

1. Nf3 g6 2. g3 Bg7 3. Bg2 d6 4. d4 Nc6 5. O-O e5 6. dxe5 dxe5 7. Qxd8+ Nxd8 8. e4 f6 9. c3 Be6 10. Na3 a6 11. Be3 Nf7 12. Nd2 O-O-O 13. Nb3 b6 14. Rfd1 Ne7 15. Nc2 a5 16. f3 Rxd1+ 17. Rxd1 a4 18. Nc1 Rd8 19. Rxd8+ Kxd8 20. Bf1 Bh6 21. Bxh6 Nxh6 22. Bb5 Bd7 23. Bxd7 Kxd7 24. Kf2 Nf7 25. Nd3 Nd6 26. Na3 c5 27. Ke3 Kc6 28. f4 exf4+ 29. gxf4 b5 30. b3 axb3 31. axb3 f5 32. Ne5+ Kc7 33. exf5 Ndxf5+ 34. Kf3 b4 35. cxb4 cxb4 36. Nc2 Nd5 1/2-1/2

[Event "ChessOrg Schachfestival 2024 Bad Wörishofen"]
[White "Bohnstorff, Michael"]
[Black "Bauer, Wolfgang"]
[Site "Bad Woerishofen"]
[Round "3.20"]
[Annotator "wempe"]
[Result "1-0"]
[Date "2024.??.??"]
[WhiteElo "2043"]
[BlackElo "1936"]
[PlyCount "41"]
[GameId "2118793979371760"]
[EventDate "2024.03.10"]

1. d4 d5 2. Nf3 e6 3. Bf4 c5 4. c3 cxd4 5. cxd4 Bd6 6. Bxd6 Qxd6 7. Nc3 Nf6 8. e3 O-O 9. Be2 Nc6 10. O-O b6 11. Bb5 Bb7 12. Rc1 Rfc8 13. Bxc6 Bxc6 14. Qb3 Ne4 15. Rc2 Nxc3 16. Rxc3 Rc7 17. Rfc1 Rac8 18. Qc2 f6 19. h3 a5 20. a3 a4 21. Ne1 1-0

[Event "ChessOrg Schachfestival 2024 Bad Wörishofen"]
[White "Krasnopeyeva, Yuliya"]
[Black "Kutschenko, Roland"]
[Site "Bad Woerishofen"]
[Round "3.21"]
[Annotator "wempe"]
[Result "0-1"]
[Date "2024.??.??"]
[WhiteElo "1950"]
[BlackElo "2024"]
[PlyCount "85"]
[GameId "2118793979371761"]
[EventDate "2024.03.10"]

1. e4 e5 2. Nf3 Nc6 3. Bb5 Nd4 4. Nxd4 exd4 5. O-O h5 6. b3 Bc5 7. Bb2 Nf6 8. Qf3 c6 9. Bc4 d5 10. exd5 cxd5 11. Bb5+ Kf8 12. Qf4 Ne4 13. Ba3 Bxa3 14. Nxa3 Rh6 15. Qe5 Be6 16. Qxd4 Rg6 17. Rfe1 Qg5 18. g3 Nxd2 19. Qe3 d4 20. Qxg5 Nf3+ 21. Kh1 Rxg5 22. Red1 Rd8 23. Bc4 Bd7 24. h4 Ra5 25. Nb1 Bc6 26. Be2 Ne1+ 27. Kg1 Nxc2 28. b4 Re5 29. Nc3 Nxa1 30. b5 dxc3 31. Rxd8+ Ke7 32. Rd1 c2 33. Rxa1 Bxb5 34. Bf3 Rc5 35. Rc1 Bc6 36. Be2 Ba4 37. Bd3 Kf6 38. Kf1 Re5 39. Be2 a5 40. Ke1 Bb5 41. Rxc2 Rxe2+ 42. Rxe2 Bxe2 43. Kxe2 0-1

[Event "ChessOrg Schachfestival 2024 Bad Wörishofen"]
[White "Remensberger, Paul"]
[Black "McAndrew, Robert"]
[Site "Bad Woerishofen"]
[Round "3.22"]
[Annotator "wempe"]
[Result "1-0"]
[Date "2024.??.??"]
[WhiteElo "2019"]
[BlackElo "1935"]
[PlyCount "105"]
[GameId "2118793979371762"]
[EventDate "2024.03.10"]

1. d4 Nf6 2. Nf3 g6 3. c4 Bg7 4. e3 d6 5. Nc3 O-O 6. Be2 Nbd7 7. O-O h6 8. Qc2 c6 9. b4 Nh7 10. Bb2 Ndf6 11. Rad1 d5 12. b5 Bf5 13. Qb3 Bg4 14. cxd5 cxd5 15. Rc1 Ng5 16. Nxg5 Bxe2 17. Nxf7 Rxf7 18. Nxe2 Ne4 19. Qd3 g5 20. Ba3 e6 21. f3 Nf6 22. Rc2 Rc8 23. Rfc1 Rfc7 24. Bc5 b6 25. Bb4 Kf7 26. Rc3 Rxc3 27. Rxc3 Bf8 28. Bxf8 Qxf8 29. Qc2 Rxc3 30. Qxc3 Qe7 31. g4 Kg7 32. Kg2 Kf7 33. a4 Kg7 34. Nc1 Ne8 35. Nd3 Nd6 36. Ne5 Nf7 37. Nxf7 Kxf7 38. Qc6 Kg7 39. Qc3 Qf7 40. a5 bxa5 41. Qxa5 Qd7 42. Qa6 Qe7 43. Qc6 Kf6 44. Qc5 Qf7 45. Kg3 Kg7 46. Qd6 Qe8 47. Qc7+ Kg6 48. Qxa7 Qxb5 49. Qe7 Qb6 50. f4 gxf4+ 51. exf4 Qb3+ 52. Kh4 Qe3 53. f5+ 1-0

[Event "ChessOrg Schachfestival 2024 Bad Wörishofen"]
[White "Helbig, Dieter"]
[Black "Zwick, Hubert"]
[Site "Bad Woerishofen"]
[Round "3.23"]
[Annotator "wempe"]
[Result "0-1"]
[Date "2024.??.??"]
[WhiteElo "1905"]
[BlackElo "2003"]
[PlyCount "60"]
[GameId "2118793979371763"]
[EventDate "2024.03.10"]

1. c4 c6 2. d4 d5 3. e3 e6 4. Nf3 Nd7 5. cxd5 exd5 6. Be2 Bd6 7. O-O Ngf6 8. Nc3 O-O 9. Qc2 Re8 10. Bd3 Nf8 11. h3 h6 12. e4 dxe4 13. Nxe4 Nxe4 14. Bxe4 Be6 15. Be3 Qa5 16. Kh1 Qh5 17. Ng1 Bd5 18. Bxd5 Qxd5 19. Ne2 Bc7 20. b3 Ng6 21. Qd2 Qe4 22. Nc3 Qh4 23. Rad1 Rad8 24. Qc2 Rxe3 25. fxe3 Qg3 26. Kg1 Qh2+ 27. Kf2 Bg3+ 28. Kf3 f5 29. Ke2 Qxg2+ 30. Kd3 Ne5# 0-1

[Event "ChessOrg Schachfestival 2024 Bad Wörishofen"]
[White "Steinhart, Matthias"]
[Black "Vonach, Bernhard"]
[Site "Bad Woerishofen"]
[Round "3.24"]
[Annotator "wempe"]
[Result "1/2-1/2"]
[Date "2024.??.??"]
[WhiteElo "1768"]
[BlackElo "1881"]
[PlyCount "48"]
[GameId "2118793979371764"]
[EventDate "2024.03.10"]

1. e4 e5 2. Nf3 Nc6 3. Bb5 a6 4. Ba4 Nf6 5. O-O Be7 6. Re1 b5 7. Bb3 d6 8. c3 Na5 9. Bc2 c5 10. d4 Qc7 11. h3 O-O 12. Nbd2 Nc6 13. d5 Nd8 14. Nf1 Ne8 15. Ng3 g6 16. a4 Rb8 17. axb5 axb5 18. Bh6 Ng7 19. Qd2 f6 20. Ra2 Nf7 21. Bxg7 Kxg7 22. Rea1 Bd7 23. Ra7 Rb7 24. R7a2 Rbb8 1/2-1/2

[Event "ChessOrg Schachfestival 2024 Bad Wörishofen"]
[White "Heppell, Ian"]
[Black "Kastner, Reinhard"]
[Site "Bad Woerishofen"]
[Round "3.25"]
[Annotator "wempe"]
[Result "1-0"]
[Date "2024.??.??"]
[WhiteElo "1944"]
[BlackElo "1934"]
[PlyCount "43"]
[GameId "2118793979371765"]
[EventDate "2024.03.10"]

1. e4 c5 2. Nc3 Nc6 3. f4 e6 4. Nf3 d5 5. Bb5 d4 6. Bxc6+ bxc6 7. Ne2 Nf6 8. d3 Rb8 9. O-O Be7 10. Ne5 Qc7 11. b3 O-O 12. Ng3 Nd7 13. Nf3 Nf6 14. Ne5 Nd7 15. Nc4 Nb6 16. f5 Nxc4 17. bxc4 e5 18. f6 Bxf6 19. Rxf6 gxf6 20. Bh6 Be6 21. Qf3 Qe7 22. Nh5 1-0

[Event "ChessOrg Schachfestival 2024 Bad Wörishofen"]
[White "Krueger, Norbert"]
[Black "Bachmann, Rolf"]
[Site "Bad Woerishofen"]
[Round "3.26"]
[Annotator "wempe"]
[Result "1-0"]
[Date "2024.??.??"]
[WhiteElo "1993"]
[BlackElo "1917"]
[PlyCount "49"]
[GameId "2118793979371766"]
[EventDate "2024.03.10"]

1. e4 c5 2. d4 cxd4 3. c3 dxc3 4. Nxc3 d6 5. Nf3 Nf6 6. Bc4 a6 7. e5 Nfd7 8. e6 fxe6 9. Ng5 Nf6 10. Nxe6 Bxe6 11. Bxe6 Qb6 12. Be3 Qc6 13. O-O Nbd7 14. Rc1 Nc5 15. Nd5 Nxd5 16. Bxd5 Qd7 17. Bxc5 dxc5 18. Bf7+ Kd8 19. Qe2 Kc7 20. Rxc5+ Kb8 21. Be6 Qd6 22. Qe3 b6 23. Rd5 Qc7 24. Rc1 Qb7 25. Rd7 1-0

[Event "ChessOrg Schachfestival 2024 Bad Wörishofen"]
[White "Kamm, Guenter"]
[Black "Scharrer, Udo"]
[Site "Bad Woerishofen"]
[Round "3.27"]
[Annotator "wempe"]
[Result "1/2-1/2"]
[Date "2024.??.??"]
[WhiteElo "1881"]
[BlackElo "1986"]
[PlyCount "58"]
[GameId "2118793979371767"]
[EventDate "2024.03.10"]

1. e4 c5 2. Nf3 Nc6 3. d4 cxd4 4. Nxd4 Nf6 5. Nc3 e5 6. Ndb5 d6 7. Nd5 Nxd5 8. exd5 Nb8 9. c4 Be7 10. Bd3 a6 11. Nc3 O-O 12. O-O f5 13. f4 Nd7 14. Kh1 exf4 15. Bxf4 Ne5 16. Be2 Bf6 17. c5 g5 18. Bg3 f4 19. Bf2 Bf5 20. Bd4 dxc5 21. Bxc5 Re8 22. Bh5 Ng6 23. Qb3 Rc8 24. Bb6 Qd6 25. Rad1 Re7 26. Bd4 Bxd4 27. Rxd4 Rcc7 28. Bf3 Re3 29. Qb4 Rd7 1/2-1/2